| 000 | 00813nam a22001697a 4500 | ||
|---|---|---|---|
| 999 |
_c61155 _d61155 |
||
| 005 | 20231225153322.0 | ||
| 008 | 231225s1976 ru ||||| |||| 00| 0 rus d | ||
| 041 | _arus | ||
| 080 | _a902(3)(075.8) X-98 | ||
| 245 |
_aХудожественная культура и археология античного мира : _bСборник памяти Б. В. Фармаковского / _cАкад. наук CCCР, Ин-т археологии. |
||
| 264 |
_aМосква : _bНаука, _c1976. |
||
| 300 |
_a240 с. : _b ил. ; _c 25 см. |
||
| 653 | _aარქეოლოგია | ||
| 653 | _aანტიკური ხელოვნება | ||
| 653 | _aარქეოლოგიური ძეგლები - შავი ზღვის რეგიონი | ||
| 942 |
_2udc _cᲬᲘᲒᲜᲘ |
||